000 00376nam a2200181Ia 4500
100 _aMalkin/Stephen/ Guo/C
650 _agrinding
250 _a2
942 _cBK
366 _f20
654 _agrinding
245 _aGrinding technology
260 _bIndustrial Press
_c2008
082 _a671.35
_bMAL
300 _a372
546 _aENGLISH
_cInfo.Tech
999 _c26037
_d26037